[Event "Montcalm 1 2025-26"]
[Site "Quebec CAN"]
[Date "2025.09.11"]
[Round "1"]
[White "Fortin, Claude"]
[Black "Marquis, Paul"]
[Result "0-1"]
[WhiteElo "1447"]
[BlackElo "1834"]
[WhiteFideId "-1"]
[WhiteFideId "-1"]
[PlyCount "66"]
[GameId "2223208138334059"]
[EventDate "2025.09.11"]
[EventType "swiss"]
[EventRounds "5"]
[EventCountry "CAN"]

1. e4 e6 2. d4 d5 3. exd5 exd5 4. Nf3 Nc6 5. Bf4 Bd6 6. Bg3 Bg4 7. c3 Nge7 8. Nbd2 O-O 9. Be2 Ng6 10. O-O f5 11. Bxd6 Qxd6 12. h3 Bxh3 13. gxh3 Nf4 14. h4 Qg6+ 15. Ng5 h6 16. Ndf3 hxg5 17. Ne5 Nxe5 18. h5 Qd6 19. dxe5 Qxe5 20. Bf3 Rfe8 21. Qd2 g4 22. Rfe1 Qd6 23. Bh1 c6 24. Re3 Nh3+ 25. Kf1 f4 26. Rxh3 gxh3 27. Bf3 Qe5 28. Kg1 Re6 29. Kh2 Rae8 30. Kxh3 Rh6 31. Bg4 Rxh5+ 32. Bxh5 Qxh5+ 33. Kg2 f3+ 0-1

[Event "Montcalm 1 2025-26"]
[Site "Quebec CAN"]
[Date "2025.09.11"]
[Round "1"]
[White "Gagne, Louis"]
[Black "Genest, Dominic"]
[Result "0-1"]
[WhiteElo "1230"]
[BlackElo "1747"]
[WhiteFideId "-1"]
[WhiteFideId "-1"]
[PlyCount "86"]
[GameId "2223208138338160"]
[EventDate "2025.09.11"]
[EventType "swiss"]
[EventRounds "5"]
[EventCountry "CAN"]

1. e4 e6 2. d3 c5 3. Nd2 Nc6 4. Ngf3 d5 5. g3 Nf6 6. Bg2 Be7 7. O-O O-O 8. Re1 b6 9. e5 Nd7 10. Nf1 Re8 11. h4 f6 12. Bf4 fxe5 13. Nxe5 Ndxe5 14. Bxe5 Nxe5 15. Rxe5 Bf6 16. Qh5 Bxe5 17. Qxe5 Qf6 18. Re1 Qxe5 19. Rxe5 Bb7 20. Nh2 h6 21. f4 Rab8 22. Kf2 d4 23. Bh3 Kf7 24. g4 Rbd8 25. Kg3 Bd5 26. a3 Bc6 27. Nf3 Bxf3 28. Kxf3 Rd5 29. h5 Rxe5 30. fxe5 Rf8 31. g5 Ke7+ 32. Kg4 Rf2 33. gxh6 gxh6 34. c4 Rxb2 35. Kf4 Rb3 36. Bf1 Rxa3 37. Kf3 Ra2 38. Be2 Ra1 39. Kf2 a5 40. Bf3 a4 41. Bc6 a3 42. Ba4 a2 43. Bb3 Rf1+ 0-1

[Event "Montcalm 1 2025-26"]
[Site "Quebec CAN"]
[Date "2025.09.11"]
[Round "1"]
[White "Glode, Martin"]
[Black "Michaud, Jacques"]
[Result "1-0"]
[WhiteElo "1838"]
[BlackElo "1453"]
[WhiteFideId "-1"]
[WhiteFideId "-1"]
[PlyCount "47"]
[GameId "2223208138334058"]
[EventDate "2025.09.11"]
[EventType "swiss"]
[EventRounds "5"]
[EventCountry "CAN"]

1. e4 c5 2. Nf3 d6 3. d4 cxd4 4. Qxd4 a6 5. c4 Nf6 6. Nc3 Nc6 7. Qe3 Bg4 8. Be2 e6 9. O-O Be7 10. Rd1 Qc7 11. b3 O-O 12. Bb2 Bh5 13. h3 Rad8 14. Rac1 h6 15. Nd5 exd5 16. cxd5 Bxf3 17. Bxf3 Nxd5 18. exd5 Bg5 19. Qc3 Bf6 20. Qc2 Bg5 21. Rb1 Rfe8 22. dxc6 Bf4 23. Qc4 bxc6 24. Qxf4 1-0

[Event "Montcalm 1 2025-26"]
[Site "Quebec CAN"]
[Date "2025.09.11"]
[Round "1"]
[White "Mercure, Gilbert"]
[Black "Thibeault Page, Etienne"]
[Result "1-0"]
[WhiteElo "1840"]
[BlackElo "1463"]
[WhiteFideId "-1"]
[WhiteFideId "-1"]
[PlyCount "77"]
[GameId "2223208138334056"]
[EventDate "2025.09.11"]
[EventType "swiss"]
[EventRounds "5"]
[EventCountry "CAN"]

1. e4 e5 2. Nf3 Nc6 3. Bc4 Nf6 4. Ng5 d5 5. exd5 Nxd5 6. Nxf7 Kxf7 7. Qf3+ Ke6 8. Nc3 Nce7 9. d4 Qd6 10. O-O c6 11. Re1 Ng6 12. Bf4 Ngxf4 13. Qxf4 Kd7 14. Qf7+ Qe7 15. Bxd5 Qxf7 16. Bxf7 exd4 17. Rad1 c5 18. Na4 Kc6 19. c4 Bd7 20. b4 Kc7 21. Nxc5 Bxc5 22. bxc5 Rad8 23. Rxd4 Be8 24. Bd5 Bc6 25. Re7+ Rd7 26. Rde4 Rg8 27. R4e5 Bxd5 28. cxd5 Rgd8 29. f4 Rxe7 30. Rxe7+ Rd7 31. Rxd7+ Kxd7 32. Kf2 b5 33. Ke3 a5 34. Kd4 g6 35. g4 Kc7 36. g5 Kd7 37. c6+ Kd6 38. h4 b4 39. Kc4 1-0

[Event "Montcalm 1 2025-26"]
[Site "Quebec CAN"]
[Date "2025.09.11"]
[Round "1"]
[White "Miskic, Zdenko"]
[Black "Cournoyer, Dominic"]
[Result "1/2-1/2"]
[WhiteElo "1582"]
[BlackElo "1927"]
[WhiteFideId "-1"]
[WhiteFideId "-1"]
[PlyCount "56"]
[GameId "2223208138329957"]
[EventDate "2025.09.11"]
[EventType "swiss"]
[EventRounds "5"]
[EventCountry "CAN"]

1. e4 d5 2. exd5 Qxd5 3. Nc3 Qa5 4. d4 Nf6 5. Nf3 Bf5 6. Bd3 Bxd3 7. Qxd3 e6 8. O-O Bd6 9. h3 c6 10. Re1 Nbd7 11. Ne4 Nxe4 12. Qxe4 Nf6 13. Qe2 O-O-O 14. Bd2 Qc7 15. c4 h6 16. c5 Bf4 17. Rad1 g5 18. Bxf4 Qxf4 19. Qe5 Nd5 20. Re4 Qf6 21. Qxf6 Nxf6 22. Re2 Nd5 23. Ne5 Nf4 24. Re4 Rh7 25. Kh2 Rg7 26. g3 Nd5 27. a3 Kc7 28. Kg2 h5 1/2-1/2

[Event "Montcalm 1 2025-26"]
[Site "Quebec CAN"]
[Date "2025.09.11"]
[Round "1"]
[White "Oliver, Vance"]
[Black "Poliquin, Yvon"]
[Result "0-1"]
[WhiteElo "1395"]
[BlackElo "1827"]
[WhiteFideId "-1"]
[WhiteFideId "-1"]
[PlyCount "46"]
[GameId "2223208138334061"]
[EventDate "2025.09.11"]
[EventType "swiss"]
[EventRounds "5"]
[EventCountry "CAN"]

1. e4 e5 2. Nf3 f5 3. d4 fxe4 4. Nxe5 Nf6 5. Bg5 d6 6. Bxf6 Qxf6 7. Nc4 Qg6 8. Ne3 c6 9. Be2 h5 10. c4 d5 11. c5 Be7 12. Na3 Nd7 13. b4 Nf6 14. b5 Ng4 15. Nac2 Bd7 16. Rb1 Bg5 17. bxc6 bxc6 18. O-O Qh6 19. Qd2 O-O 20. Bxg4 hxg4 21. Ne1 Rxf2 22. Kxf2 Rf8+ 23. Ke2 Rxf1 0-1

[Event "Montcalm 1 2025-26"]
[Site "Quebec CAN"]
[Date "2025.09.11"]
[Round "1"]
[White "Perreault, Jacquelin"]
[Black "Simard, Rejean"]
[Result "1-0"]
[WhiteElo "1731"]
[BlackElo "1037"]
[WhiteFideId "-1"]
[WhiteFideId "-1"]
[PlyCount "75"]
[GameId "2223208138338161"]
[EventDate "2025.09.11"]
[EventType "swiss"]
[EventRounds "5"]
[EventCountry "CAN"]

1. e4 e5 2. Nf3 d6 3. d4 Nd7 4. Nc3 c6 5. Be2 Be7 6. O-O Ngf6 7. Bg5 O-O 8. Qd2 Qc7 9. Rad1 Re8 10. Rfe1 b6 11. h3 Bb7 12. d5 a6 13. dxc6 Bxc6 14. Nd5 Bxd5 15. exd5 b5 16. c4 bxc4 17. Rc1 Nb6 18. Bxf6 Bxf6 19. b3 e4 20. Nd4 Bxd4 21. Qxd4 Qb7 22. Bxc4 Nxc4 23. Rxc4 f5 24. Rc6 Qd7 25. Rec1 Rec8 26. Qc4 Rxc6 27. dxc6+ Qf7 28. Rd1 Qxc4 29. bxc4 Rc8 30. Rxd6 Kf8 31. c5 Rc7 32. Kf1 Ke7 33. Ke2 g5 34. Ke3 h5 35. g4 fxg4 36. hxg4 h4 37. Kxe4 h3 38. Kf3 1-0

[Event "Montcalm 1 2025-26"]
[Site "Quebec CAN"]
[Date "2025.09.11"]
[Round "1"]
[White "Sauve, Richard"]
[Black "Diotte, Jean-Raymond"]
[Result "1-0"]
[WhiteElo "1831"]
[BlackElo "1409"]
[WhiteFideId "-1"]
[WhiteFideId "-1"]
[PlyCount "93"]
[GameId "2223208138334060"]
[EventDate "2025.09.11"]
[EventType "swiss"]
[EventRounds "5"]
[EventCountry "CAN"]

1. d4 d5 2. c4 e6 3. Nf3 Nf6 4. g3 Be7 5. Bg2 O-O 6. O-O b6 7. cxd5 exd5 8. Nc3 Bb7 9. Bf4 c5 10. Rc1 c4 11. Ne5 Nbd7 12. Nxc4 Rc8 13. Ne3 Nh5 14. Nexd5 Nxf4 15. Nxe7+ Qxe7 16. Bxb7 Rxc3 17. Rxc3 Nxe2+ 18. Kg2 Nxc3 19. bxc3 Nf6 20. Bf3 Qa3 21. Qb3 Qxb3 22. axb3 a5 23. c4 Rd8 24. Rd1 Kf8 25. Kf1 Ne8 26. Ke2 Nc7 27. Kd3 Na6 28. Kc3 Rd6 29. Rd2 g5 30. h3 Rh6 31. Bg2 Rd6 32. Re2 Re6 33. Rxe6 fxe6 34. Bb7 Nc7 35. Kd3 Ke7 36. Ke4 Kf6 37. Bc8 Ne8 38. Bd7 Nd6+ 39. Kd3 Nf7 40. Ba4 Nd6 41. c5 b5 42. cxd6 bxa4 43. bxa4 Kf7 44. Kc4 Ke8 45. Kb5 Kd7 46. Kc5 h6 47. g4 1-0

[Event "Montcalm 1 2025-26"]
[Site "Quebec CAN"]
[Date "2025.09.11"]
[Round "1"]
[White "Savard, Alexandre"]
[Black "Tellez Perez, Vicente"]
[Result "1-0"]
[WhiteElo "1753"]
[BlackElo "1274"]
[WhiteFideId "-1"]
[WhiteFideId "-1"]
[PlyCount "35"]
[GameId "2223208138338159"]
[EventDate "2025.09.11"]
[EventType "swiss"]
[EventRounds "5"]
[EventCountry "CAN"]

1. e4 e5 2. Nf3 d6 3. d4 Nd7 4. Bc4 h6 5. Nc3 Be7 6. dxe5 Nxe5 7. Nxe5 dxe5 8. Qh5 g6 9. Qxe5 f6 10. Qg3 g5 11. Nb5 Bd6 12. Qb3 Qe7 13. Nxd6+ cxd6 14. Bxg8 Qxe4+ 15. Kf1 Bf5 16. Bd2 Qxc2 17. Re1+ Kf8 18. Qf7# 1-0

[Event "Montcalm 1 2025-26"]
[Site "Quebec CAN"]
[Date "2025.09.11"]
[Round "1"]
[White "Zarrari, Aissame"]
[Black "Fahmi, Adam"]
[Result "0-1"]
[WhiteElo "1498"]
[BlackElo "1869"]
[WhiteFideId "-1"]
[WhiteFideId "-1"]
[PlyCount "98"]
[GameId "2223208138334055"]
[EventDate "2025.09.11"]
[EventType "swiss"]
[EventRounds "5"]
[EventCountry "CAN"]

1. d4 Nf6 2. c4 e6 3. Nc3 Bb4 4. Bg5 d5 5. Nf3 O-O 6. cxd5 exd5 7. e3 Nbd7 8. Bd3 h6 9. Bh4 Re8 10. O-O c6 11. Qc2 Be7 12. Rfe1 Ne4 13. Bxe7 Qxe7 14. Bxe4 dxe4 15. Nd2 Nf6 16. Nc4 Bf5 17. Ne5 Bh7 18. Rad1 Rac8 19. Qb3 Red8 20. Qa4 a6 21. Qb3 Bf5 22. a3 c5 23. Rd2 b5 24. Qd1 c4 25. f3 exf3 26. Qxf3 Qe6 27. Rf1 Bg4 28. Qf4 Re8 29. h3 Bh5 30. Rdf2 Rcd8 31. Qg3 Kh7 32. Rf4 Bg6 33. Qf2 Re7 34. Nxg6 fxg6 35. Rf3 Qd7 36. Rg3 a5 37. Qc2 Qe8 38. Qf2 b4 39. axb4 axb4 40. Nd1 Ne4 41. Qe1 Nxg3 42. Qxg3 c3 43. Rf2 Qa4 44. Nxc3 bxc3 45. bxc3 Qa1+ 46. Kh2 Qxc3 47. Re2 Rxd4 48. Rc2 Qxc2 49. exd4 Qc7 0-1

[Event "Montcalm 1 2025-26"]
[Site "Quebec CAN"]
[Date "2025.09.18"]
[Round "2"]
[White "Bourassa, Samuel"]
[Black "Miskic, Zdenko"]
[Result "1-0"]
[WhiteElo "2069"]
[BlackElo "1582"]
[WhiteFideId "-1"]
[WhiteFideId "-1"]
[PlyCount "23"]
[GameId "2224497345867443"]
[EventDate "2025.09.11"]
[EventType "swiss"]
[EventRounds "5"]
[EventCountry "CAN"]

1. e4 c6 2. Nc3 d5 3. Nf3 dxe4 4. Nxe4 Bf5 5. Ng3 Bg6 6. h4 h6 7. Ne5 Bh7 8. Qh5 g6 9. Bc4 e6 10. Qe2 Nd7 11. Nxf7 Kxf7 12. Qxe6+ 1-0

[Event "Montcalm 1 2025-26"]
[Site "Quebec CAN"]
[Date "2025.09.18"]
[Round "2"]
[White "Burigusa, Guillaume"]
[Black "Boissinot, Claude"]
[Result "1-0"]
[WhiteElo "1192"]
[BlackElo "1462"]
[WhiteFideId "-1"]
[WhiteFideId "-1"]
[PlyCount "87"]
[GameId "2224497345867448"]
[EventDate "2025.09.11"]
[EventType "swiss"]
[EventRounds "5"]
[EventCountry "CAN"]

1. e4 c5 2. Nf3 e6 3. Nc3 Nc6 4. Bc4 a6 5. O-O b5 6. Be2 d6 7. d3 Nf6 8. Bg5 Be7 9. Re1 Bd7 10. d4 cxd4 11. Nxd4 b4 12. Nb1 Nxe4 13. Bxe7 Qxe7 14. Bf3 d5 15. Bxe4 dxe4 16. Rxe4 Qf6 17. a3 a5 18. axb4 Nxb4 19. c3 Nd5 20. Nd2 O-O 21. Qf3 Qg5 22. Nf1 f5 23. Re5 Rf6 24. c4 Nc7 25. Rexa5 Rc8 26. Ra7 e5 27. Nb5 Bxb5 28. cxb5 e4 29. Qb3+ Kf8 30. b6 Ne6 31. b7 Rb8 32. Ra8 Nf4 33. Ne3 Rg6 34. Rxb8+ Ke7 35. Qb4+ Kd7 36. Qb5+ Kd6 37. Rd1+ Nd3 38. Nxf5+ Ke6 39. Nd4+ Kf6 40. Rf8+ Ke7 41. Qe8+ Kd6 42. b8=Q+ Kc5 43. Qbb5+ Kxd4 44. Qxg5 1-0

[Event "Montcalm 1 2025-26"]
[Site "Quebec CAN"]
[Date "2025.09.18"]
[Round "2"]
[White "Cournoyer, Dominic"]
[Black "Belanger, Mathieu-Olivier"]
[Result "1/2-1/2"]
[WhiteElo "1927"]
[BlackElo "1926"]
[WhiteFideId "-1"]
[WhiteFideId "-1"]
[PlyCount "52"]
[GameId "2224497345867437"]
[EventDate "2025.09.11"]
[EventType "swiss"]
[EventRounds "5"]
[EventCountry "CAN"]

1. c4 Nf6 2. Nc3 d5 3. cxd5 Nxd5 4. g3 g6 5. Qa4+ Nc6 6. Bg2 e6 7. Nxd5 exd5 8. Qb5 Bg7 9. Qc5 Qe7 10. Qxe7+ Nxe7 11. Nf3 O-O 12. d4 Nc6 13. O-O Re8 14. e3 Bg4 15. Bd2 Bh6 16. Rac1 Rac8 17. Bc3 Nb8 18. Bb4 Nd7 19. b3 c6 20. Nd2 Nf6 21. Bd6 Re6 22. Be5 Nd7 23. Bxd5 Ree8 24. Bf3 Nxe5 25. dxe5 Rcd8 26. Bxg4 Rxd2 1/2-1/2

[Event "Montcalm 1 2025-26"]
[Site "Quebec CAN"]
[Date "2025.09.18"]
[Round "2"]
[White "Drolet, Stephane"]
[Black "Savard, Alexandre"]
[Result "0-1"]
[WhiteElo "1946"]
[BlackElo "1753"]
[WhiteFideId "-1"]
[WhiteFideId "-1"]
[PlyCount "48"]
[GameId "2224497345867435"]
[EventDate "2025.09.11"]
[EventType "swiss"]
[EventRounds "5"]
[EventCountry "CAN"]

1. d4 Nf6 2. Nf3 e6 3. Bg5 h6 4. Bxf6 Qxf6 5. e4 d5 6. e5 Qd8 7. Bd3 c5 8. c3 Qb6 9. Qd2 Bd7 10. dxc5 Bxc5 11. b4 Be7 12. a4 Nc6 13. O-O a6 14. Na3 Qc7 15. Rfe1 O-O 16. b5 Na5 17. Nd4 Rfc8 18. Qe3 Qxc3 19. Nc6 Rxc6 20. bxc6 Qxc6 21. Nc2 Nc4 22. Qe2 Nb2 23. Qd2 Nxa4 24. Ne3 Qc3 0-1

[Event "Montcalm 1 2025-26"]
[Site "Quebec CAN"]
[Date "2025.09.18"]
[Round "2"]
[White "Fecteau, Martin"]
[Black "Barrera, Eduardo"]
[Result "1/2-1/2"]
[WhiteElo "1772"]
[BlackElo "1934"]
[WhiteFideId "-1"]
[WhiteFideId "-1"]
[PlyCount "64"]
[GameId "2224497345867436"]
[EventDate "2025.09.11"]
[EventType "swiss"]
[EventRounds "5"]
[EventCountry "CAN"]

1. d4 d5 2. Nf3 Nf6 3. c4 e6 4. e3 Be7 5. Nc3 O-O 6. Bd3 dxc4 7. Bxc4 b6 8. O-O Bb7 9. Qe2 Nbd7 10. e4 c5 11. Rd1 h6 12. Bf4 cxd4 13. Rxd4 Bc5 14. Rdd1 Qe7 15. Ne5 Nxe5 16. Bxe5 Rfc8 17. Bxf6 Qxf6 18. Rd7 Bc6 19. Rd2 Bd4 20. Rc2 Rc7 21. Bb3 Rac8 22. Rac1 Qg6 23. g3 b5 24. Nxb5 Bxb5 25. Qxb5 Rxc2 26. Rxc2 Rxc2 27. Bxc2 e5 28. b3 Qf6 29. Qe2 Qg5 30. Kg2 g6 31. Bd3 Kg7 32. Bc4 Qf6 1/2-1/2

[Event "Montcalm 1 2025-26"]
[Site "Quebec CAN"]
[Date "2025.09.18"]
[Round "2"]
[White "Fleury, Dominic"]
[Black "Bergeron, Nicolas"]
[Result "0-1"]
[WhiteElo "1344"]
[BlackElo "1647"]
[WhiteFideId "-1"]
[WhiteFideId "-1"]
[PlyCount "50"]
[GameId "2224497345867444"]
[EventDate "2025.09.11"]
[EventType "swiss"]
[EventRounds "5"]
[EventCountry "CAN"]

1. d4 Nf6 2. c4 g6 3. Nc3 d5 4. Bf4 Bg7 5. e3 O-O 6. Nf3 c5 7. Nb5 Na6 8. Be2 cxd4 9. exd4 dxc4 10. Bxc4 Nd5 11. Be3 Nxe3 12. fxe3 Bd7 13. Nc3 Nc7 14. Qd2 b5 15. Be2 b4 16. Ne4 Bc6 17. Nc5 Bh6 18. O-O-O Nd5 19. Qc2 Nxe3 20. Qb3 Nxd1+ 21. Kxd1 Bxf3 22. Bxf3 Qxd4+ 23. Nd3 Rac8 24. Re1 Rfd8 25. Ke2 Qe3+ 0-1

[Event "Montcalm 1 2025-26"]
[Site "Quebec CAN"]
[Date "2025.09.18"]
[Round "2"]
[White "Gaulin, Gaetan"]
[Black "Lescarbeau, Martin"]
[Result "1-0"]
[WhiteElo "1839"]
[BlackElo "1741"]
[WhiteFideId "-1"]
[WhiteFideId "-1"]
[PlyCount "115"]
[GameId "2224497345867439"]
[EventDate "2025.09.11"]
[EventType "swiss"]
[EventRounds "5"]
[EventCountry "CAN"]

1. d4 Nf6 2. c4 g6 3. Nc3 Bg7 4. e4 d6 5. h3 O-O 6. Be3 Nbd7 7. g4 e5 8. d5 Nc5 9. f3 a5 10. Qd2 Nfd7 11. h4 f5 12. g5 f4 13. Bf2 Nb8 14. Bxc5 dxc5 15. O-O-O Rf7 16. Nh3 Bf8 17. Qg2 Bd6 18. Nf2 Kg7 19. Ng4 Bd7 20. Nh6 Rf8 21. Be2 Be8 22. Rdg1 Nd7 23. Qh3 Nb6 24. Qg2 Nc8 25. Ng4 Rb8 26. Nf6 Rxf6 27. gxf6+ Qxf6 28. h5 Be7 29. hxg6 Bxg6 30. Qh3 Kf7 31. Nb5 Bd6 32. Bf1 c6 33. dxc6 bxc6 34. Qd7+ Be7 35. Qc7 Rb6 36. Qxc8 cxb5 37. cxb5 Qe6 38. Qxe6+ Kxe6 39. Bc4+ Kf6 40. a4 Bd6 41. Rd1 Ke7 42. Kc2 Kf6 43. Kc3 Ke7 44. Bg8 h5 45. Rdg1 Kf6 46. Rg2 Be7 47. Rhg1 Kg7 48. Bd5 Bh4 49. Bc6 Bg3 50. Rxg3 fxg3 51. Rxg3 Rb8 52. Kc4 h4 53. Rh3 Rh8 54. Kxc5 Bf7 55. Bd7 Kf6 56. b6 Rd8 57. b7 Rb8 58. Kb6 1-0

[Event "Montcalm 1 2025-26"]
[Site "Quebec CAN"]
[Date "2025.09.18"]
[Round "2"]
[White "Lamini, Cedric"]
[Black "Cantin, Guillaume"]
[Result "1-0"]
[WhiteElo "1614"]
[BlackElo "1306"]
[WhiteFideId "-1"]
[WhiteFideId "-1"]
[PlyCount "29"]
[GameId "2224497345867445"]
[EventDate "2025.09.11"]
[EventType "swiss"]
[EventRounds "5"]
[EventCountry "CAN"]

1. d4 Nf6 2. c4 e6 3. Nf3 d5 4. g3 Be7 5. Bg2 b6 6. Ne5 Bb7 7. O-O O-O 8. Nc3 Nbd7 9. Qc2 c5 10. Nxd7 Qxd7 11. Rd1 Rfd8 12. Bg5 cxd4 13. Rxd4 Bc5 14. Rh4 Ne4 15. Nxe4 1-0

[Event "Montcalm 1 2025-26"]
[Site "Quebec CAN"]
[Date "2025.09.18"]
[Round "2"]
[White "Marquis, Paul"]
[Black "Perreault, Jacquelin"]
[Result "1/2-1/2"]
[WhiteElo "1834"]
[BlackElo "1731"]
[WhiteFideId "-1"]
[WhiteFideId "-1"]
[PlyCount "39"]
[GameId "2224497345867441"]
[EventDate "2025.09.11"]
[EventType "swiss"]
[EventRounds "5"]
[EventCountry "CAN"]

1. e4 e6 2. d4 c5 3. Nf3 cxd4 4. Nxd4 Nc6 5. Be3 Nf6 6. Nc3 Bb4 7. Bd3 d5 8. Bb5 Bd7 9. Bxc6 bxc6 10. exd5 cxd5 11. Bd2 O-O 12. O-O Qb6 13. Nb3 d4 14. Ne2 e5 15. Bxb4 Qxb4 16. f3 Rac8 17. c3 dxc3 18. Nxc3 Qb6+ 19. Kh1 Bc6 20. Qe2 1/2-1/2

[Event "Montcalm 1 2025-26"]
[Site "Quebec CAN"]
[Date "2025.09.18"]
[Round "2"]
[White "Poliquin, Yvon"]
[Black "Dumont, Eric"]
[Result "1-0"]
[WhiteElo "1827"]
[BlackElo "1678"]
[WhiteFideId "-1"]
[WhiteFideId "-1"]
[PlyCount "51"]
[GameId "2224497345867442"]
[EventDate "2025.09.11"]
[EventType "swiss"]
[EventRounds "5"]
[EventCountry "CAN"]

1. e4 c6 2. d4 d5 3. exd5 cxd5 4. Bd3 Nc6 5. c3 Nf6 6. Bf4 Qb6 7. Qb3 Bg4 8. Nd2 e6 9. Ngf3 Be7 10. h3 Bxf3 11. Nxf3 h6 12. Qc2 Rc8 13. Qe2 O-O 14. O-O Na5 15. Rac1 Bd6 16. Bxd6 Qxd6 17. Bb1 Nc4 18. Rfe1 b5 19. Ne5 Qd8 20. Qc2 b4 21. Ng4 Re8 22. Nxf6+ Qxf6 23. cxb4 Nb6 24. Qd3 Qg5 25. Rc5 Nd7 26. Rxc8 1-0

[Event "Montcalm 1 2025-26"]
[Site "Quebec CAN"]
[Date "2025.09.18"]
[Round "2"]
[White "Quigley, Charles-David"]
[Black "Mercure, Gilbert"]
[Result "1-0"]
[WhiteElo "1735"]
[BlackElo "1840"]
[WhiteFideId "-1"]
[WhiteFideId "-1"]
[PlyCount "39"]
[GameId "2224497345867438"]
[EventDate "2025.09.11"]
[EventType "swiss"]
[EventRounds "5"]
[EventCountry "CAN"]

1. d4 d5 2. c4 Nc6 3. Nc3 dxc4 4. e3 e6 5. Bxc4 Nf6 6. Nf3 a6 7. a4 Bb4 8. O-O Bxc3 9. bxc3 Qe7 10. Ba3 Qd7 11. Qe2 Nd5 12. Rfc1 f6 13. e4 Nde7 14. d5 Na5 15. dxe6 Qc6 16. Ba2 Qxa4 17. Bxe7 Kxe7 18. e5 Nc6 19. Bc4 Nd4 20. Nxd4 1-0

[Event "Montcalm 1 2025-26"]
[Site "Quebec CAN"]
[Date "2025.09.18"]
[Round "2"]
[White "Simard, Rejean"]
[Black "Fortin, Claude"]
[Result "1/2-1/2"]
[WhiteElo "1037"]
[BlackElo "1447"]
[WhiteFideId "-1"]
[WhiteFideId "-1"]
[PlyCount "110"]
[GameId "2224497345867449"]
[EventDate "2025.09.11"]
[EventType "swiss"]
[EventRounds "5"]
[EventCountry "CAN"]

1. d4 d5 2. Nf3 f5 3. e3 Nf6 4. Bd3 g6 5. b3 e6 6. Bb2 Bg7 7. Nc3 O-O 8. Qd2 Nbd7 9. O-O-O Ne4 10. Qe1 c5 11. Ne2 b6 12. Ng3 Bb7 13. Kb1 Rc8 14. h4 Re8 15. Ne5 cxd4 16. exd4 Ndf6 17. f3 Nxg3 18. Qxg3 Nh5 19. Qf2 f4 20. Nxg6 Ng3 21. Nxf4 Nxh1 22. Rxh1 Bh6 23. Qg3+ Kh8 24. Nh5 Qc7 25. Qe5+ Qxe5 26. dxe5 Rc7 27. Rg1 Be3 28. Rh1 d4 29. Nf6 Ree7 30. Ng4 Bf4 31. Bxd4 Bg3 32. Rh3 Bf4 33. Be3 Bxe3 34. Nxe3 Rf7 35. Nc4 Rf4 36. Kc1 Rg7 37. Rh2 Kg8 38. Nd2 h6 39. Kd1 Kf7 40. Ke2 Ke7 41. Ke3 Rf8 42. g4 Bc6 43. Rf2 Bd5 44. Nf1 Bc6 45. Nh2 Bb7 46. f4 Bd5 47. g5 hxg5 48. hxg5 Rh8 49. g6 Rh3+ 50. Nf3 Rg3 51. f5 exf5 52. Bxf5 Bxf3 53. Rxf3 Rg2 54. Kd3 Rg8 55. Kd4 Rg7 1/2-1/2

[Event "Montcalm 1 2025-26"]
[Site "Quebec CAN"]
[Date "2025.09.18"]
[Round "2"]
[White "Talbot, Raymond"]
[Black "Tellez Perez, Vicente"]
[Result "1/2-1/2"]
[WhiteElo "1520"]
[BlackElo "1274"]
[WhiteFideId "-1"]
[WhiteFideId "-1"]
[PlyCount "126"]
[GameId "2224497345867446"]
[EventDate "2025.09.11"]
[EventType "swiss"]
[EventRounds "5"]
[EventCountry "CAN"]

1. e4 e5 2. Nf3 Nc6 3. Bb5 Nf6 4. O-O Bc5 5. c3 O-O 6. d4 Bd6 7. Bxc6 exd4 8. Bd5 Nxd5 9. exd5 dxc3 10. Nxc3 Qf6 11. Ne4 Qg6 12. Nxd6 Qxd6 13. Re1 b6 14. Ng5 Bb7 15. Qd3 f5 16. Rd1 Rae8 17. Nf3 Qg6 18. Bf4 d6 19. Rac1 Qg4 20. Rc4 Ba6 21. h3 Qh5 22. Qc3 Bxc4 23. Qxc4 Re4 24. Rd4 Rfe8 25. Qxc7 Rxd4 26. Qxd6 Rd1+ 27. Kh2 Qf7 28. Bd2 Re2 29. Qb8+ Qf8 30. Qxa7 Rxf2 31. Qxb6 Rxf3 32. Qe6+ Kh8 33. Bb4 Qg8 34. gxf3 Qxe6 35. dxe6 Kg8 36. Kg3 Rd4 37. Ba3 g6 38. Kg2 Rd5 39. Kg3 Re5 40. e7 g5 41. h4 h6 42. Bb4 Kf7 43. a4 gxh4+ 44. Kxh4 Re3 45. Kg3 Rb3 46. Ba3 Rb7 47. Kf4 Ra7 48. Kxf5 Rxa4 49. f4 Ra8 50. Kg4 Rh8 51. Kh5 Rh7 52. Bc5 Ke8 53. b4 Rf7 54. Kxh6 Rxf4 55. Kg6 Rf3 56. b5 Rc3 57. Bd6 Rb3 58. Kf6 Rxb5 59. Ke6 Rb1 60. Bc5 Re1+ 61. Kf6 Kd7 62. Ba3 Re3 63. Bb4 Rb3 1/2-1/2

[Event "Montcalm 1 2025-26"]
[Site "Quebec CAN"]
[Date "2025.09.18"]
[Round "2"]
[White "Thibeault Page, Etienne"]
[Black "Gagne, Louis"]
[Result "1/2-1/2"]
[WhiteElo "1463"]
[BlackElo "1230"]
[WhiteFideId "-1"]
[WhiteFideId "-1"]
[PlyCount "163"]
[GameId "2224497345867447"]
[EventDate "2025.09.11"]
[EventType "swiss"]
[EventRounds "5"]
[EventCountry "CAN"]

1. d4 d5 2. c4 c6 3. Nc3 Nf6 4. Bf4 a6 5. e3 Bf5 6. Nf3 e6 7. Ne5 Nbd7 8. Be2 dxc4 9. Nxc4 Nb6 10. Nxb6 Qxb6 11. Qb3 Qxb3 12. axb3 Bb4 13. O-O O-O 14. Na4 Nd5 15. Nc5 Nxf4 16. exf4 Bxc5 17. dxc5 Rfd8 18. Rac1 Rd2 19. Rfe1 Rxb2 20. g4 Be4 21. Bd1 Rd8 22. Rxe4 Rdd2 23. Rec4 Rxf2 24. R4c2 Rbxc2 25. Rxc2 Rxf4 26. Rd2 g6 27. Rd7 Rb4 28. Kf2 Kf8 29. g5 Ke8 30. Rc7 a5 31. Ke3 Rb5 32. h4 Rxc5 33. Rxb7 Rc3+ 34. Kf4 Rc1 35. Bf3 Rc5 36. Rb8+ Ke7 37. Rh8 a4 38. bxa4 Rc4+ 39. Kg3 Rc3 40. Rxh7 c5 41. h5 Kf8 42. hxg6 fxg6 43. Rh4 Ke7 44. Re4 Kd6 45. Kf4 e5+ 46. Rxe5 Rxf3+ 47. Kxf3 Kxe5 48. a5 c4 49. a6 c3 50. a7 c2 51. a8=Q c1=Q 52. Qe4+ Kd6 53. Qxg6+ Kc5 54. Qf5+ Kb6 55. Qe6+ Kc7 56. Qe7+ Kc8 57. Qe8+ Kc7 58. Qe5+ Kd7 59. Qf5+ Kd8 60. Qf6+ Ke8 61. Qe5+ Kd7 62. Qe3 Qd1+ 63. Kf4 Qa4+ 64. Qe4 Qxe4+ 65. Kxe4 Ke6 66. Kf4 Kf7 67. Kf5 Kg7 68. Kg4 Kg6 69. Kf4 Kg7 70. Kf5 Kf7 71. g6+ Kg7 72. Kg5 Kg8 73. Kf6 Kf8 74. Kg5 Kg7 75. Kh5 Kg8 76. Kg5 Kg7 77. Kf5 Kg8 78. Kg4 Kg7 79. Kf5 Kg8 80. Ke5 Kg7 81. Kf5 Kg8 82. Kf6 1/2-1/2

[Event "Montcalm 1 2025-26"]
[Site "Quebec CAN"]
[Date "2025.09.18"]
[Round "2"]
[White "Tremblay, Noah"]
[Black "Sauve, Richard"]
[Result "0-1"]
[WhiteElo "1672"]
[BlackElo "1831"]
[WhiteFideId "-1"]
[WhiteFideId "-1"]
[PlyCount "68"]
[GameId "2224497345867440"]
[EventDate "2025.09.11"]
[EventType "swiss"]
[EventRounds "5"]
[EventCountry "CAN"]

1. e4 d5 2. exd5 Nf6 3. Nf3 Nxd5 4. d4 g6 5. c4 Nb6 6. Nc3 Bg7 7. Be3 O-O 8. Be2 Nc6 9. O-O Bg4 10. b3 Rb8 11. Ne5 Bxe2 12. Nxc6 Bxd1 13. Nxd8 Bg4 14. c5 Na8 15. Nxb7 Rxb7 16. h3 Be6 17. c6 Rbb8 18. Rad1 Rbd8 19. Rfe1 Bd5 20. Nb5 a6 21. Na7 Rd6 22. Rc1 e6 23. Rc5 Rb8 24. Rec1 Rdd8 25. Ra5 Rb6 26. b4 Rxb4 27. Rxa6 Bxd4 28. a3 Rc4 29. Rxc4 Bxc4 30. Ra4 Bxe3 31. fxe3 Nb6 32. Rb4 Ra8 33. Nb5 Bxb5 34. Rxb5 Rxa3 0-1